000 00209 a2200097 4500
001 15353
100 _aPotter U.B
245 _aI will fly no more
260 _aLondon
_bGeorge Allen
_c
090 _c11984
_d11984
942 _aNUST-CAE
_cM
_c2207
999 _c250426
_d250426